00314nam a2200109Ia 4500008004000000020001600040082001700056100002000073245005400093260004400147300001300191210210b1987 xxu||||| |||| 00| 0 eng d a19 562023 2 a954.799 GAIL aGAITONDE (P D). aLiberation of Goa a participants view of history. aDelhi.bOxford University Press.,c1987 axiii,192